Bytový dom

Uložené v:
Podrobná bibliografia
Hlavný autor: Štefanovičová, Michaela (Autor)
Ďalší autori: Nguyen Tien, Minh (Vedúci práce)
Médium: Rukopis Kniha
Jazyk:Slovak
Vydavateľské údaje: 2016
Predmet:
On-line prístup:http://is.stuba.sk/zp/portal_zp.pl?podrobnosti=116551
https://opac.crzp.sk/?fn=detailBiblioForm&sid=B0ECE52FE577B8B958C364E96922
Tagy: Pridať tag
Žiadne tagy, Buďte prvý, kto otaguje tento záznam!

MARC

LEADER 00000ntm a22000003a 4500
001 stuzp57163
003 SK-STU
005 20230609133039.2
007 ta
008 150427s2015----xo-----f-mn---000-0-slo-d
040 |a STU  |b slo 
041 0 |a slo 
100 1 |a Štefanovičová, Michaela  |u 010270  |4 aut  |U SvF Stavebná fakulta  |T SvF Katedra technológie stavieb  |X 63206  |U V270  |Y 28  |7 63206 
242 0 1 |a Apartment house  |y eng 
245 1 0 |a Bytový dom 
260 |c 2016 
650 4 |a Zatepľovací systém  |2 slo 
650 4 |a Bakalárska práca  |2 slo 
650 4 |a Bytový dom  |2 slo 
650 4 |a Bachelor´s thesis  |2 eng 
650 4 |a Apartment house  |2 eng 
650 4 |a External Thermal Insulation Composite System  |2 eng 
700 1 |a Nguyen Tien, Minh  |u 010270  |k Z3  |4 ths  |U SvF Stavebná fakulta  |T SvF Katedra technológie stavieb  |X 67200  |U V270  |Y 28  |7 A000067200 
856 4 |u http://is.stuba.sk/zp/portal_zp.pl?podrobnosti=116551 
856 4 |u https://opac.crzp.sk/?fn=detailBiblioForm&sid=B0ECE52FE577B8B958C364E96922 
SQL |a stuzp57163  |b DBP  |c SLO  |d Bytový dom  |e 63206  |f Štefanovičová, Michaela  |g 010270  |h 67200  |i Nguyen Tien, Minh  |j 20160621  |k 6  |l 01  |m http://is.stuba.sk/zp/portal_zp.pl?podrobnosti=116551  |n B-TMS  |o 5.2.8. stavebníctvo